000 00502nam a2200205Ia 4500
008 240510s9999 xx 000 0 und d
020 _a0000023587109
041 _aEng
082 _a519.22
082 _bH53
100 _aHOGG, Robert V, CRAIG, Allen T.
245 0 _aIntroduction to mathematical statistics
250 _a4th ed.
260 _bNew York, Macmillan
260 _c1978
300 _a438 p.
650 _aStatiatics : mathematical statistics
942 _2ddc
942 _cLBK
999 _c24367
_d24367
945 _a1
_bMadushi Gamage
_c1
_dMadushi Gamage